000 00289nam a22001217a 4500
020 _a0-7131-3512-3
082 _a658 KIL'B
100 _aKILGANNON, PETE
_974225
245 _aBUSINESS DATA PROCESSING AND SYSTEMS ANALYSIS
260 _aLONDON
_bELBS
_c1980
300 _a326P
942 _cBK
999 _c579788
_d579788